| 000 | 00717cam a2200217 4500 | ||
|---|---|---|---|
| 001 | WB3647-17 | ||
| 008 | 000000n2000 000 0 eng u | ||
| 035 | _a(Sirsi) u109530 | ||
| 245 | _aHousebuilders slam GLA plan | ||
| 260 | _c2000 | ||
| 490 |
_aBuilding _v(8163) 24 November 2000 |
||
| 520 | _aA GLA report, "Homes for a World City", calling for 50% social housing in all future London developments has sparked criticism and threats of departure from housebuilders in the capital. | ||
| 590 | _aWB | ||
| 650 | _aGREATER LONDON AUTHORITY | ||
| 650 | _aSOCIAL RENTED SECTOR | ||
| 650 | _aNEW HOUSING | ||
| 650 | _aLONDON | ||
| 650 | _aHOUSING NEEDS | ||
| 690 |
_aAffordable housing _96215 |
||
| 942 | _n0 | ||
| 999 |
_c65393 _d65393 |
||